000 00282nam a2200109Ia 4500
008 220214s9999 xx 000 0 und d
100 _aDavies Barbara
245 0 _aNatural rubber-Its engineering characteristics
260 _bMaterials and Design
300 _aVarying
942 _cRE
999 _c46193
_d46193